000 00522nam a2200181Ia 4500
003 LK-CoDNM
008 010623t1958 xxu||||| |||| 00| 1 sin d
040 _aLK-CoDNM
_dLK-CoDNM
_eLK-CoDNM
041 _asin
080 _a891.3.07
_bPAD
100 _aAriyajothi, Lelvala
_rev
245 _aරූපසිද්ධි පර්මෝදිනී
246 _aRuupasiddi pramodini
260 _bD.P.Dodangoda Company
_aMoratuwa
_c1958
300 _b(vi)122, 19 cm
700 _aPadumajothi, Paraduwa
_rev
942 _cBK
999 _c104821
_d104821